Loading...
| Literature - World Literature | 0 | 6 | 0 | 1 | 60 | 112 | 138.00 | 0 | 0 |
| Literature - British Literature | 0 | 6 | 1 | 2 | 55 | 104 | 141.17 | 0 | 0 |
| Social Science | 0 | 6 | 1 | 3 | 55 | 108 | 124.50 | 0 | 0 |
| Fine Arts - Other Fine Arts | 0 | 5 | 0 | 1 | 50 | 117 | 128.60 | 0 | 0 |
| Religion | 0 | 5 | 2 | 0 | 40 | 35 | 96.80 | 1 | 2 |
| Literature - European Literature | 0 | 3 | 0 | 1 | 30 | 118 | 136.00 | 0 | 0 |
| Literature - American Literature | 0 | 3 | 1 | 0 | 25 | 107 | 126.00 | 0 | 0 |
| Mythology | 0 | 2 | 1 | 0 | 15 | 140 | 140.00 | 0 | 0 |
| History - World History | 0 | 1 | 0 | 0 | 10 | 132 | 132.00 | 0 | 0 |
| Other Academic | 0 | 1 | 0 | 1 | 10 | 141 | 141.00 | 0 | 0 |
| Philosophy | 0 | 1 | 0 | 0 | 10 | 59 | 59.00 | 0 | 1 |
| History - Other History | 0 | 1 | 0 | 1 | 10 | 132 | 132.00 | 0 | 0 |
| Science - Physics | 0 | 1 | 0 | 0 | 10 | 129 | 129.00 | 0 | 0 |
| Fine Arts - Painting & Sculpture | 0 | 1 | 0 | 0 | 10 | 152 | 152.00 | 0 | 0 |
| Fine Arts - Classical Music | 0 | 1 | 0 | 0 | 10 | 147 | 147.00 | 0 | 0 |